000 01527nam0a22002771 4500
001 rc\4031671
005 20260408070805.0
021 _aRU
_b[47-21523]
035 _a(NLR Aleph) 008092664
090 _a9193662
_c9193662
100 _a20130415d1947 |||y0rusy50 ca
101 0 _arus
102 _aRU
105 _aa z |||||
200 1 _aКузнечное производство
_e[Сборник статей]
_fВсесоюз. науч. инж.-техн. о-во машиностроителей. Урал. отд-ние. Центр. лаборатория Уралмашзавода
210 _aСвердловск
_aМосква
_cМашгиз. [Свердл. отд-ние]
_d1947
_gТип. Свердл. облупр. изд-в и полиграфии в Н.-Тагиле
215 _a24 с.
_cчерт.
_d22
320 _aБиблиогр. в конце статей
606 _aКузнечное производство
_jСборники
_2psbo
712 0 2 _aВсесоюзное научное инженерно-техническое общество машиностроителей
_bУральское отделение
_3RU\NLR\AUTH\889967271
_9430878
712 0 2 _aУральский завод тяжелого машиностроения им. С. Орджоникидзе
_cСвердловск
_bЦентральная лаборатория
_3RU\NLR\AUTH\8810212618
_9312139
801 0 _aRU
_bNLR
_gpsbo
801 1 _aRU
_bELAR
_2rusmarc
852 _aNLR
_jТ36 Г-6/344
942 _cBOOK
980 _aNB